000 00764cam a22002533a 4500
001 7446
003 PGUSA
005 20140828083145.0
008 050201s2005||||xxu|||||s|||||000 | eng d
040 _aPGUSA
_beng
042 _adc
050 4 _aQL
100 1 _aHudson, W. H.
_q(William Henry),
_d1841-1922
245 1 4 _aThe Naturalist in La Plata
_h[electronic resource] /
_cW. H. Hudson
260 _bProject Gutenberg,
_c2005
506 _aPublic domain in the USA.
516 _aElectronic text
653 _aZoology -- Argentina -- Pampas
653 _aNatural history -- Argentina -- Pampas
653 _aAnimal behavior -- Argentina -- Pampas
830 0 _aProject Gutenberg
_v7446
856 4 0 _uhttp://www.gutenberg.org/ebooks/7446
942 _cEB
999 _c236766
_d236766